Los jóvenes del norte y sur de México en inactividad laboral y educativa: niveles y factores asociados /
Αποθηκεύτηκε σε:
| Κύριος συγγραφέας: | |
|---|---|
| Άλλοι συγγραφείς: | |
| Μορφή: | Κείμενο |
| Ετικέτες: |
Προσθήκη ετικέτας
Δεν υπάρχουν, Καταχωρήστε ετικέτα πρώτοι!
|
MARC
| LEADER | 00000 a a2200000 04500 | ||
|---|---|---|---|
| 001 | 45636 | ||
| 003 | |||
| 040 | |||
| 100 | |a Vargas-Valle, Eunice D. | ||
| 245 | |a Los jóvenes del norte y sur de México en inactividad laboral y educativa: |b niveles y factores asociados / |c Eunice D. Vargas-Valle, Rodolfo Cruz-Piñeiro | ||
| 500 | |a eunice@colef.mx |a rcruz@colef.mx | ||
| 700 | |a Cruz-Piñeiro, Rodolfo | ||
| 773 | |g volumen18, número73 ( , 2012), páginas 105-147 | ||
| 999 | |c 27081 |d 27081 | ||
